000 00655nam a22001937a 4500
005 20241112110633.0
010 _aENG-142589
020 _c60.00
035 _aEN-126121
037 _bDBAD
082 _aS
_2First
245 _aShort Stories of Kaloji Narayan Rao/
_cTranslated By Elanaaga :Edited By Nagilla Ramasastry, V.R. Vidyarthi [and] Potlapalli Srinivasarao
260 _aWarangal
_bV.R. Vidyarthi
_c2020
270 _bWarangal
_aH.No. 2-7-1083, Kanakadurga Colony, Waddepally, Hanamkonda
_e506370
300 _a106p.
_c22cm(Pb)
700 _aVidyarthi, V.R.
_973765
700 _aSrinivasarao, potlapalli
_973766
942 _2ddc
_cEN
_hS
_mSHO
999 _c206915
_d206915